| 000 | 00627nam a22002175i 4500 | ||
|---|---|---|---|
| 001 | 68667 | ||
| 003 | ES-MaACL | ||
| 005 | 20230906170330.0 | ||
| 007 | t| | ||
| 008 | 960827s1881 fr a ||||1| fre d | ||
| 040 |
_aCAM _bspa _cCAM |
||
| 100 | 1 |
_aGerspach, Edouard. _956502 |
|
| 245 | 1 | 3 |
_aLa mosaïque / _cpar Gerspach. |
| 260 |
_aParis : _bA. Quantin, _c[1881] |
||
| 300 |
_a271 p. : _bil. ; _c21 cm. |
||
| 490 | 1 | _aBibliothèque de l'enseignement des beaux-arts | |
| 830 | 0 |
_aBibliothèque de l'enseignement des beaux-arts _9181140 |
|
| 852 |
_aES-MaACL _jB-2556 |
||
| 852 |
_aES-MaACL _jC-3300 |
||
| 999 |
_c68667 _d68667 |
||